000 00808nam a2200217 i 4500
001 20397
003 ES-MaACL
005 20250907063035.0
007 t|
008 021112s1883 sp |||| | spa d
100 1 _aAgulló y Prats, Buenaventura,
_d1846-1907
_918904
245 1 3 _aEl derecho civil en los códigos sagrados /
_cBuenaventura Agulló y Prats.
260 _aBarcelona :
_b[s.n.],
_c1883 (
_fEstab. Tip. de los Sucesores de Narciso Ramírez y Cía.)
300 _a69 p. ;
_c21 cm.
530 _aDisponible en formato digital.
650 _aDerecho civil-
_vHistoria.
_9171013
650 7 _aDerecho antiguo
_2embne
_9166037
852 _aES-MaACL
_jT-374-F-16
856 _uhttp://bdh-rd.bne.es/viewer.vm?id=0000243078&page=1
_zBiblioteca Digital Hispánica
999 _c20397
_d20397